Mateo (Record no. 74717)

MARC details
000 -LEADER
campo de control de longitud fija 00612nam a2200193 i 4500
001 - NÚMERO DE CONTROL
campo de control 74717
003 - IDENTIFICADOR DE NÚMERO DE CONTROL
campo de control ES-MaACL
005 - FECHA Y HORA DE LA ÚLTIMA TRANSACCIÓN
campo de control 20230906172225.0
007 - CAMPO FIJO DE DESCRIPCIÓN FÍSICA--INFORMACIÓN GENERAL
campo de control de longitud fija t|
008 - DATOS DE LONGITUD FIJA--INFORMACIÓN GENERAL
campo de control de longitud fija 040920s1983 sp ||||1| spa d
100 1# - ENTRADA PRINCIPAL--NOMBRE DE PERSONA
Nombre de persona González Ruiz, José María.
9 (RLIN) 58943
245 10 - MENCIÓN DEL TÍTULO
Título Mateo
Resto del título : el judaísmo se realiza en el cristianismo /
Mención de responsabilidad, etc. José María González Ruiz.
260 ## - PUBLICACIÓN, DISTRIBUCIÓN, ETC.
Lugar de publicación, distribución, etc. Madrid :
Nombre del editor, distribuidor, etc. Hoac,
Fecha de publicación, distribución, etc. [1983]
300 ## - DESCRIPCIÓN FÍSICA
Extensión 59 p. ;
Dimensiones 21 cm.
490 1# - MENCIÓN DE SERIE
Mención de serie Biblia y Militancia. Nuevo testamento
830 0# - PUNTO DE ACCESO ADICIONAL DE SERIE-TÍTULO UNIFORME
Título uniforme Biblia y Militancia. Nuevo testamento
9 (RLIN) 231225
852 ## - LOCALIZACIÓN
Ubicación ES-MaACL
Número de control de estantería L-5680
Sublocalización o colección R.105692
Holdings
Estatus retirado Estado de pérdida Estado de daño No para préstamo Biblioteca de origen Biblioteca actual Ubicación en estantería Fecha de adquisición Fuente de adquisición Total de préstamos Signatura topográfica completa Código de barras Visto por última vez Precio de reemplazo Tipo de ítem Koha
        Biblioteca del Ateneo de Madrid Biblioteca del Ateneo de Madrid Depósito 2 17/01/2008     L-5680 1078213 23/02/2023 23/02/2023 Libro impreso